000 00551nam a2200193 a 4500
003 MX-MxUPN
005 20221110063816.0
008 221109s1935 fr |||||r|||| 000 p spa d
040 _aMX-MxUPN
_bspa
_cMX-MxUPN
041 0 _aspa
050 1 4 _aPQ8497 C5
_bP6
100 1 _aChocano, José Santos,
_d1875-1934
_947309
245 1 0 _aPoesías selectas
260 _aParís :
_bLibrería de la Vda. de C. Bouret,
_c1935.
300 _a143 páginas ;
_c12 cm.
650 7 _aPoesía peruana
_2
_91311
902 _aVíctor Ruiz/091122
942 _2lcc
_cLIBRO
999 _c209019
_d209019